| 000 | 00892nam a2200229 a 4500 | ||
|---|---|---|---|
| 001 | 54230 | ||
| 003 | BD-RjUL | ||
| 005 | 20211209080105.0 | ||
| 008 | 161103s2009 bg ||||| |||| 00| 0 ben d | ||
| 020 | _c: TK 150.00 | ||
| 035 | _a(BD-RjUL)54352 | ||
| 040 |
_aBD-RjUL _bben _cBD-RjUL |
||
| 041 | _aben | ||
| 082 |
_223 _a954.14 _bSIE 2009 |
||
| 100 |
_aসিদ্দীকি, আ.স.ম. হেলাল _9161844 |
||
| 245 | 1 | 0 |
_aএক পলকে সুন্দরবন / _c আ.স.ম. হেলাল সিদ্দীকি |
| 260 |
_aঢাকা : _bঅঙ্গীকার প্রকাশনী, _c২০০৯ |
||
| 300 |
_axiii, ৯২ পৃ. : _bচিত্র ; _c২১ সেমি. |
||
| 650 |
_aSundarbans (Bangladesh and India) _9161845 |
||
| 650 |
_aসুন্দরবন (বাংলাদেশ ও ভারত) _9161846 |
||
| 942 |
_2ddc _cBK |
||
| 999 |
_c54230 _d54230 |
||